LEADER 01281nam a2200265 u 4500 001 000000037102 003 CaOOAMICUS 005 20070226113728.0 008 980401s1968 it u000 u ita u 035 $a10788670 040 $aPUL(R)$bita 100 1 $aMinieri, Giuseppe.$0(OLS)http://pul/name/27915 245 10$aAtti e fatti estintivi del rapporto di impiego pubblico /$cGiuseppe Minieri. 260 $aMilano :$bA. Giuffrè,$c1968. 300 $a457 p. ;$c24 cm 490 1 $aUniversità degli studi di Roma. Monografie dell'istituto di diritto pubblico della facoltà di giurisprudenza. Nuova serie ;$v31 500 $aContiene indici. 504 $aBibliografia in nota. 650 4$aDiritto pubblico.$0(OLS)http://pul/subject/2966 830 0$aMonografie dell'Istituto di diritto pubblico della Facoltà di Giurisprudenza (Università degli studi di Roma).$pNuova serie ;$v31.$0(OLS)http://pul/title/10229 850 $aPUL 852 $aPUL$W1$xDP2 Diritto Canonico 1$y64$m167 A 101.31$j50755$nBK-PRI$qStampati$B50755$CPULBib$Z2$F50755 $H28953 $82 941 1 $a8 996 $6245$aAtti e fatti estintivi del rapporto di impiego pubblico$9(OLS)http://pul/title/50573 996 $6260$aMilano :$bA. Giuffrè$9(OLS)http://pul/publisher/48096 LEADER 01218nam a2200301 a 4500 001 000000147988 003 CaOOAMICUS 005 20151204145715.0 008 151204s2015 it u000 u ita r 020 $a978-88-348-6279-7* 032 $aLibriCat 040 $aPUL$bita 082 04$a340.54 100 1 $aLambertini, Renzo.$0(OLS)http://pul/name/9270 245 10$aAvviamento allo studio testuale del diritto romano /$cRenzo Lambertini. 260 $aTorino :$bG. Giappichelli,$c©2015. 300 $aVIII, 211 p. ;$c24 cm. 500 $aContiene indici. 504 $aBibliografia p. [183]-191. 650 4$aDiritto romano$xStoria$xFonti.$0(OLS)http://pul/subject/1688 850 $aPUL 852 $aPUL$W1$xSL Diritto e Scienze Sociali 3$y79$m340. 54 LAMRE 3$j170777$qDDC 21$B171807$CPULBib$Z2$F171807 $H126598 $81 941 1 $a9 996 $6020$a978-88-348-6279-7*$9(OLS)http://pul/number/159202 996 $6082$a340.54$9(OLS)http://pul/classification/477 996 $6245$aAvviamento allo studio testuale del diritto romano$9(OLS)http://pul/title/186733 996 $6260$aTorino :$bG. Giappichelli$9(OLS)http://pul/publisher/49130